000 00676nam a2200241Ia 4500
003 OSt
005 20220912150902.0
006 a|||||r|||| 00| 0
007 ta
008 220909b |||||||| |||| 00| 0 eng d
024 _a1108
037 _cTextual
040 _aCSL
_beng
_cCSL
041 _aeng
082 _aY7:(L:573), M6
100 _aBourne Geoffery H Ed.
245 0 _aNutritional problems and education: selected topics
260 _aBasel
_bKarger
_c1986
300 _axi,207p.
_ccm.
490 _aWorld review of nutrition and dietetics; 47
942 _hY7:(L:573), M6
_cTEXL
_2CC
999 _c56848
_d56848